Historia de los reyes católicos

Saved in:
Bibliografiske detaljer
Hovedforfatter: Prescott, William H (Author)
Format: Bog
Sprog:spansk
Udgivet: Buenos Aires, Argentina Argonauta 1947
Serier:Clasicos de la Historia, 8
Fag:
Tags: Tilføj Tag
Ingen Tags, Vær først til at tagge denne postø!

MARC

LEADER 00000nam a2200000 a 4500
001 UCO1218
003 CL-VaPUC
005 20200416120604.0
008 000512e19470000AG |||||||||||||||||spa|d
999 |c 287847  |d 287845 
040 |c Pontificia Universidad Católica de Valparaíso 
082 0 4 |a 946.03 PRE 1947  |2 21 
100 0 |a Prescott, William H  |e author  |9 443127 
245 1 0 |a Historia de los reyes católicos 
260 |a Buenos Aires, Argentina  |b Argonauta  |c 1947 
300 |a volúmenes 
490 0 |a Clasicos de la Historia,  |v  8 
583 |a last modification  |c 20160817 04:39:22  |k Rodrigo Vera 
600 0 7 |a ISABEL LA CATOLICA  |2 CL-VaPUC  |9 255280  |z ESPAÑA 
600 0 7 |a FERNANDO EL CATOLICO  |2 CL-VaPUC  |9 442584  |z ESPAÑA 
650 7 |a HISTORIA DE ESPAÑA  |2 CL-VaPUC  |9 318547  |y SIGLO 16 
852 |a BIBCUR 
942 |c BK  |2 ddc 
945 |d 20000512 00:00:00  |a rherrera 
952 |0 0  |1 0  |2 ddc  |4 0  |6 946_030000000000000_PRE_1947  |7 0  |8 X  |9 334912  |a BIBHIS  |b BIBHIS  |d 2019-11-20  |h v.2  |i 1280295  |o 946.03 PRE 1947  |p 1280295  |r 2024-01-30  |t 1  |w 2019-11-20  |y BK_X  |k HIS